000 00310nam a2200133Ia 4500
008 191201s2014 xx 000 0 und d
100 _aPUNMIA, BC
245 0 _aSurveying Vol-2
250 _aRep
260 _aN. Delhi
_bLaxmi Publications
_c2014
300 _a658+28
650 _aB.Tech(CE)
942 _2ddc
_cBK
999 _c5826
_d5826